00397nam a2200121Ia 4500008004100000245013600041260001700177260000900194300000800203650002300211650001200234856002900246170516s9999 xx 000 0 und d aTargeting of Magnetic Nanoparticle-coated Microbubbles to the Vascular Wall Empowers Site-specific Lentiviral Gene Delivery in vivo bTheranostics c2017 a7:2 xMedical Technology xMedtech uhttp://www.thno.org/v7i2